000 01033nam a2200325Ia 4500
001 Z_4859
003 CHAP
008 220113s2=00 xx 000 0 und d
010 _a167913
020 _a968-426-994-3
040 _cCHAP
082 _a612 G35 2002
100 _aGanong, William F.
_945561
245 _aFisiología médica /
_cWilliam F. Ganong; Traductor Germán Arias Rebatet; revisión técnica Nancy E. Fernandez Garza
250 _a18a ed.
260 _aMéxico :
_bEl Manual Moderno,
_c2002
300 _aix, 917 p.
500 _aTítulo original de la obra : Review of medical phisiology, 20th ed. de 2001
503 _aej.1: C/E (reposición de este ejemplar por 3a ed. 2010) \ ej.2: C/E
504 _aIncluye bibliografía e índice
650 _aFisiología humana
_9137527
700 _a Fernández Garza, Nancy E., rev.
_9142153
700 _aArias Rebatet, Germán, tr.
_9142154
901 _a612 G35 2002
902 _aM
910 _a2=00
942 _c1
942 _cc1
999 _c167913
_d167913